000 00374cam a2200145ua 4500
041 _aeng
_h
082 _a821.09
_bCAU/IL
100 _aCaudwell, Christopher .
245 _aIllusion and reality /
_cChristopher Caudwell.
_hTextual Documents
260 _aLondon :
_bLawrence and Wishart ,
_c1958.
300 _a342 ; .
504 _a
942 _cBK
999 _c4868
_d4868